00605nam a2200181Ia 4500008004100000041000800041082001400049100001500063245003900078250001300117260003000130300000800160365001500168700004500183906001000228999001900238952016600257230612s9999 xx 000 0 und d aeng a621.3 BHI aBhide S.D. aElements Of Electrical Engineering a3 rd ed. c1992bShree publications a452 cRs.b80.00 aBhide S.D.; Navale M.N. & Kulkarani S.L. cELECT c165232d165232 01104070aCCEPbCCEPd1992-09-28eUnicate Publishers DistributorsfELECTg80.00i75o621.3 BHIpCCEP-BK-950r2023-06-12 00:00:00v80.00w2023-06-12yBKz000950